000
00303nam a22001337a 4500
008
170927b xxu||||| |||| 00| 0 eng d
020
_a
9780827369153
041
_a
eng
080
_2
5 ED
_a
37
100
_a
47
101
_a
EDU
245
_a
INTRODUCTORY HORTICULTURE
_c
SHRY.C.L
942
_2
udc
_c
BK
999
_c
30287
_d
30287